| 000 | 01046nas a2200313 i 4500 | ||
|---|---|---|---|
| 001 | 9 | ||
| 003 | ES-MaACL | ||
| 005 | 20250814062525.0 | ||
| 007 | t| | ||
| 008 | 950801c1876 sp a|y | ||pa d | ||
| 022 | _a1575-1015 | ||
| 080 | _a7:061.22(460) | ||
| 080 | _a058 | ||
| 110 | 2 |
_aReal Academia de Bellas Artes de San Fernando. _96291 |
|
| 245 | 1 | 0 |
_aReal Academia de Bellas Artes de San Fernando _b: [anuario]. |
| 246 | 1 | 3 | _aAnuario de la Real Academia de Bellas Artes de San Fernando |
| 246 | 1 | 3 | _aAnuario de la Academia de Bellas Artes de San Fernando |
| 260 |
_aMadrid : _bReal Academia de Bellas Artes de San Fernando, _c[1876- |
||
| 300 |
_a26 v. ; _c11 y 12 cm. |
||
| 310 | _aAnual | ||
| 362 | 0 | _a1877- | |
| 610 | 2 | 4 |
_aReal Academia de Bellas Artes de San Fernando. _96291 |
| 650 | 4 |
_aInstituciones cientÃficas y diversas _913829 |
|
| 655 | 7 |
_2tgfbne _9226822 _aAnuarios |
|
| 852 |
_aES-MaACL _jHem-862 |
||
| 866 | 0 | _o1885-1894,1897,1899-1900,1902-1905,1907,1909,1912-18,1946, 1997 | |
| 942 | _2udc | ||
| 999 |
_c9 _d9 |
||